LEADER 01263nam2 22002891i 450 001 RML0284542 005 20231121125732.0 010 $a0125234457 100 $a20121121d1997 ||||0itac50 ba 101 | $aeng 102 $aus 181 1$6z01$ai $bxxxe 182 1$6z01$an 200 1 $a˜Volume 1: œInfrared and Raman spectral atlas of inorganic compounds and organic salts$etext and explanations$fRichard A. Nyquist, Curtis L. Putzig, M. Anne Leugers 210 $aNew York $cAcademic press $dc1997 215 $axi, 119 p. 461 1$1001RML0284540$12001 $a˜The œhandbook of infrared and Raman spectra of inorganic compounds and organic salts$ea 4-volume set$fRichard A. Nyquist ... [et al.] 676 $a543.08583$9$v21 700 1$aPutzig$b, Curtis L.$3RMLV183629$0542189 801 3$aIT$bIT-01$c20121121 850 $aIT-FR0099 899 $aBiblioteca Area Ingegneristica$bFR0099 912 $aRML0284542 950 2$aBiblioteca Area Ingegneristica$d 54DMS 543 NYQ I$e 54VM 0000542985 VM barcode:BAIN004899. - Inventario:1732MVM$fB $h20050317$i20121204 977 $a 54 996 $aInfrared and Raman spectral atlas of inorganic compounds and organic salts$93627098 997 $aUNICAS LEADER 04150nam 22006975 450 001 9910483309603321 005 20200705003325.0 010 $a3-030-33786-3 024 7 $a10.1007/978-3-030-33786-5 035 $a(CKB)4100000009844884 035 $a(MiAaPQ)EBC6112739 035 $a(DE-He213)978-3-030-33786-5 035 $a(PPN)243768834 035 $a(EXLCZ)994100000009844884 100 $a20191122d2020 u| 0 101 0 $aeng 135 $aurcnu|||||||| 181 $ctxt$2rdacontent 182 $cc$2rdamedia 183 $acr$2rdacarrier 200 10$aFuzzy Relational Mathematical Programming $eLinear, Nonlinear and Geometric Programming Models /$fby Bing-Yuan Cao, Ji-Hui Yang, Xue-Gang Zhou, Zeinab Kheiri, Faezeh Zahmatkesh, Xiao-Peng Yang 205 $a1st ed. 2020. 210 1$aCham :$cSpringer International Publishing :$cImprint: Springer,$d2020. 215 $a1 online resource (253 pages) 225 1 $aStudies in Fuzziness and Soft Computing,$x1434-9922 ;$v389 311 $a3-030-33784-7 327 $aChapter 1: Basic Theory of Fuzzy Set -- Chapter 2: Fuzzy Relation -- Chapter 3: Fuzzy Relational Equations/Inequalities -- Chapter 4: Fuzzy Relational Linear Programming -- Chapter 5: Fuzzy Relation Geometric Programming -- Chapter 6: Relational Geometric Programming with Fuzzy Coe?cient -- Chapter 7: Fuzzy Relational of Non-linear Optimization -- Chapter 8: Fuzzy Relational Inequality and Its Network Optimization -- Chapter 9: Research Progress of Fuzzy Relational Geometric Programming. 330 $aThis book summarizes years of research in the field of fuzzy relational programming, with a special emphasis on geometric models. It discusses the state-of-the-art in fuzzy relational geometric problems, together with key open issues that must be resolved to achieve a more efficient application of this method. Though chiefly based on research conducted by the authors, who were the first to introduce fuzzy geometric problems, it also covers important findings obtained in the field of linear and non-linear programming. Thanks to its balance of basic and advanced concepts, and its wealth of practical examples, the book offers a valuable guide for both newcomers and experienced researcher in the fields of soft computing and mathematical optimization. . 410 0$aStudies in Fuzziness and Soft Computing,$x1434-9922 ;$v389 606 $aComputational intelligence 606 $aOperations research 606 $aManagement science 606 $aArtificial intelligence 606 $aComputer programming 606 $aComputational Intelligence$3https://scigraph.springernature.com/ontologies/product-market-codes/T11014 606 $aOperations Research, Management Science$3https://scigraph.springernature.com/ontologies/product-market-codes/M26024 606 $aArtificial Intelligence$3https://scigraph.springernature.com/ontologies/product-market-codes/I21000 606 $aProgramming Techniques$3https://scigraph.springernature.com/ontologies/product-market-codes/I14010 615 0$aComputational intelligence. 615 0$aOperations research. 615 0$aManagement science. 615 0$aArtificial intelligence. 615 0$aComputer programming. 615 14$aComputational Intelligence. 615 24$aOperations Research, Management Science. 615 24$aArtificial Intelligence. 615 24$aProgramming Techniques. 676 $a519.7 700 $aCao$b Bing-Yuan$4aut$4http://id.loc.gov/vocabulary/relators/aut$0913752 702 $aYang$b Ji-Hui$4aut$4http://id.loc.gov/vocabulary/relators/aut 702 $aZhou$b Xue-Gang$4aut$4http://id.loc.gov/vocabulary/relators/aut 702 $aKheiri$b Zeinab$4aut$4http://id.loc.gov/vocabulary/relators/aut 702 $aZahmatkesh$b Faezeh$4aut$4http://id.loc.gov/vocabulary/relators/aut 702 $aYang$b Xiao-Peng$4aut$4http://id.loc.gov/vocabulary/relators/aut 801 0$bMiAaPQ 801 1$bMiAaPQ 801 2$bMiAaPQ 906 $aBOOK 912 $a9910483309603321 996 $aFuzzy Relational Mathematical Programming$92047239 997 $aUNINA